00373nam a2200121Ia 4500008004100000082001700041100002200058245002700080260003300107300001000140630001800150650008300168211109s9999||||xx |||||||||||||| ||und|| a823.2bWOO-M aWoodruff, Douglas 0aMore Talking At Random bCatholic BooksaLondonc1945 a240p. xGeneral Stack aEnglish NovelvEnglish FictionEnglish short storyEnglish LiteraturexGeneralia